National conference on instruction in landscape architecture : held June 25, 26, and 27, 1921 /
Saved in:
| Corporate Authors: | , |
|---|---|
| Other Authors: | |
| Format: | Book |
| Language: | English |
| Published: |
[Cambridge, Mass.] :
Harvard University,
1921.
|
| Subjects: | |
| Tags: |
Add Tag
No Tags, Be the first to tag this record!
|
| LEADER | 00847nam a22002057u 4500 | ||
|---|---|---|---|
| 001 | 000000299-2 | ||
| 005 | 20020606090541.3 | ||
| 008 | 821216|1921 ||||||| |||| |0||||eng|d | ||
| 035 | 0 | |a ocm82013722 | |
| 111 | 2 | |a National Conference on Instruction in Landscape Architecture |n (2nd : |d 1921 : |c Harvard University) | |
| 245 | 1 | 0 | |a National conference on instruction in landscape architecture : |b held June 25, 26, and 27, 1921 / |c report edited by Chance S. Hill. |
| 260 | 0 | |a [Cambridge, Mass.] : |b Harvard University, |c 1921. | |
| 300 | |a [218] p. ; |c 37 cm. | ||
| 500 | |a Typescript. | ||
| 611 | 2 | 0 | |a National Conference on Instruction in Landscape Architecture |n (2nd : |d 1921 : |c Harvard University) |
| 650 | 0 | |a Landscape architecture |x Study and teaching |x Congresses. | |
| 700 | 1 | |a Hill, Chance S. | |
| 710 | 2 | |a Harvard University. | |
| 988 | |a 20020608 | ||
| 906 | |0 MH | ||


